| 000 | 01184nam a2200277Ia 4500 | ||
|---|---|---|---|
| 999 |
_c55680 _d55680 |
||
| 001 | 22775 | ||
| 003 | GE_BSU | ||
| 005 | 20230505161451.0 | ||
| 008 | 181216s ||||ge |||||||||||||| ||geo|| | ||
| 020 | _a978-9941-0-4374-1 | ||
| 040 | _cGE_BSU | ||
| 041 | _ageo | ||
| 080 | _a821.111(73)-1 კ-74 | ||
| 100 |
_aკოფინი, ლინ _917999 |
||
| 245 |
_aმე ორივე ვარ : ლექსები, პროზაული ოპუსები, ესსეი ბროდსკიზე და ინტერვიუ / _cლინ კოფინი ; ინგლ. თარგმნა გია ჯოხაძემ. |
||
| 250 | _aI-ლი გამოცემა | ||
| 264 |
_aთბილისი : _bმერწყული, _c2012. |
||
| 300 |
_a73 გვ. ; _c20 სმ. |
||
| 541 | _h3 ლ. | ||
| 653 | _aმე ორივე ვარ | ||
| 653 | _aლექსები | ||
| 653 | _aპროზაული ოპუსები | ||
| 653 | _aესსეი ბროდსკიზე და ინტერვიუ | ||
| 700 |
_aჯოხაძე, გია _eმთარგმნელი _918000 |
||
| 942 |
_cBK _2udc |
||